Titres de chansons de Patrick Sébastien - Clic Quiz - Statistiques

Statistiques générales
  • Ce quiz a été pris 101 fois
  • Le résultat moyen est 17 sur 20
Statistiques - réponses
Hint Réponse % Correct
Tourner les Serviettes
100%
Pourvu que ça Dure
99%
Ah si tu pouvais fermer ta Gueule
99%
Le petit bonhomme en Mousse
99%
Joyeux Anniversaire
98%
Il fait Chaud
96%
La quéquette à Raoul
93%
On est des Dingues
92%
Les Sardines
92%
Est-ce que tu l'as Vu
92%
Comment ça Va
91%
Le chanteur Masqué
89%
La femme du petit Bonhomme
86%
Putain c'est Génial
82%
Aka Aleo
79%
La chanson à Elise
77%
Ca va Bouger
71%
Danton Quoi
57%
Le cul Turel
55%
Une p'tite pipe Hourra
54%
Aucun quiz correspondant
Distribution des résultats
% des personnes avec chaque résultat
Percentile par nombre de réponses
Votre historique - résultats
Vous n’avez pas pris ce quiz